Marvel Comics: Members of the Infinity Watch by Picture - Statistics

General Stats
  • This quiz has been taken 29 times
  • The average score is 10 of 19
Answer Stats
Picture Hint Answer % Correct
Gamora
100%
Captain Marvel
96%
Doctor Strange
96%
Drax the Destroyer
96%
Unofficially Thanos
96%
Adam Warlock
91%
Black Widow
87%
Agent Coulson
61%
Moondragon
61%
Pip the Troll
61%
Star-Lord
57%
Colleen Wing
17%
Quantum
17%
Star
17%
Apex
9%
Multitude
9%
Overtime
9%
Maxam
4%
Turk Barrett
4%
No matching quizzes found
Score Distribution
Percent of People with Each Score
Percentile by Number Answered
Your Score History
You have not taken this quiz